| 000 | 00406nam a22001457a 4500 | ||
|---|---|---|---|
| 082 |
_a604.2 _bBER _cL-12, P-23 |
||
| 110 |
_aBerg, Edward _940169 |
||
| 245 |
_aMechanical Drawing _cEdward, Berg |
||
| 250 | _avolumn 3 | ||
| 260 |
_aWashington _bThe bruce publishing company _c1954 |
||
| 300 |
_a228p.: _bill,; _c22 cm. |
||
| 526 |
_a0 _b0 _c0 _d604_200000000000000_BER |
||
| 650 |
_aMCE _9379 |
||
| 942 |
_2ddc _cBK |
||
| 999 |
_c544525 _d544525 |
||